01466nam a2200337 a 4500001001000000003000500010005001700015008004100032010001100073011001100084040000900095090001000104100004600114245019600160260004100356500006000397502008200457590004000539590004000579650002700619650003400646650003800680650003200718856007000750901000700820942001000827942000600837999001900843952013100862952013500993000113620CHAP20220329144404.0170830s2017 mx sm |||||||spa d a110081 a111053 cCHAP aTesis1 aVázquez Aguilar, Claudia Isabel913306910aEcología trófica de aves insectívoras emberizidae en un bosque de pinus cembroides (Zucc.) bajo dos condiciones de apertura de doselh[En línea]cpor Claudia Isabel Vázquez Aguilar. aChapingo, Méx. :bEl autor,c2017. aPara ver el contenido del material haga clic en la liga aTesis (Ing. en Recursos Naturales Renovables) -- UACH. Departamento de Suelos aE5765TAJb05c20170830lUCH01h0932 aE5765TAJb05c20170830lUCH01h093214aAves e insectos.9868914aAvesxAlimentación.913240614aAvesxHábitos y conducta.9861114aEcología forestal.935176 aFinding aiduhttp://10.13.5.2/tesis/sist113620.pdfzTeclea aquí aBK cTESIS n0 c110081d110081 00104054718TESISaBCbBCd2017-08-30fTESISl0oTesisp113622-10r2019-12-31 00:00:00w2019-12-31yTESISzRecien adquirido 00102local4053708TESISaBCbBCcPA_TESISd2017-08-30fTESISl0oTesisp113622-20r2019-12-31 00:00:00tc.2w2019-12-31yTESIS